Poistný trh a ekonomika poisťovníctva

Guardado en:
Detalles Bibliográficos
Autor principal: Majtánová, Anna
Autor Corporativo: Vysoká škola ekonomická v Bratislave. Národohospodárska fakulta
Otros Autores: Pelikánová, Dagmar
Formato: Libro
Lenguaje:eslovaco
Publicado: Bratislava VŠE 1992
Edición:1. vyd.
Materias:
Etiquetas: Agregar Etiqueta
Sin Etiquetas, Sea el primero en etiquetar este registro!

MARC

LEADER 00000nam a2200000 4500
001 c000766
005 20221214090324.9
020 |a 80-225-0341-X 
041 0 |a slo 
044 |a SK 
245 1 0 |a Poistný trh a ekonomika poisťovníctva  |c Anna Majtánová, Dagmar Pelikánová 
250 |a 1. vyd. 
264 1 |a Bratislava  |b VŠE  |c 1992 
300 |a 137 s. 
610 2 0 |a poisťovníctvo 
610 2 0 |a západná Európa 
610 2 0 |a USA 
610 2 0 |a Japonsko 
610 2 0 |a Československo 
610 2 0 |a Európske spoločenstvá 
610 2 0 |a poistenie zmluvné 
610 2 0 |a poistenie vecí 
610 2 0 |a zákony 
610 2 0 |a trh finančný 
610 2 0 |a poisťovne 
610 2 0 |a systémy informačné 
100 1 |a Majtánová, Anna 
700 1 |a Pelikánová, Dagmar 
710 2 |a Vysoká škola ekonomická v Bratislave. Národohospodárska fakulta